Estadística (Registro nro. 1308)

Detalles MARC
000 -LEADER
fixed length control field 00757 a2200217 4500
001 - CONTROL NUMBER
control field 25197
005 - DATE AND TIME OF LATEST TRANSACTION
control field 20260407155535.0
008 - FIXED-LENGTH DATA ELEMENTS--GENERAL INFORMATION
fixed length control field 260407a1946 arg spa d
003 - CONTROL NUMBER IDENTIFIER
control field AR-UNSa-BCEJYS
040 ## - CATALOGING SOURCE
Original cataloging agency AR-UNSa-BCEJYS
Language of cataloging spa
Transcribing agency AR-UNSa-BCEJYS
080 ## - UNIVERSAL DECIMAL CLASSIFICATION NUMBER
Universal Decimal Classification number 519.2
Common auxiliary subdivision Probabilidades y estadística matemática<br/>
100 1# - MAIN ENTRY--PERSONAL NAME
Personal name García Alvarez, M.
245 10 - TITLE STATEMENT
Title Estadística
264 #1 - PRODUCTION, PUBLICATION, DISTRIBUTION, MANUFACTURE, AND COPYRIGHT NOTICE
Place of production, publication, distribution, manufacture Madrid :
Name of producer, publisher, distributor, manufacturer S.A.E.T.A.
Date of production, publication, distribution, manufacture, or copyright notice 1946
300 ## - PHYSICAL DESCRIPTION
Extent xviii, 630 p.
Dimensions 25 cm.
505 ## - FORMATTED CONTENTS NOTE
Formatted contents note Libro I : Estadistica General : 1. Nociones Fundamentales - 2. Calculo de probabilidades - 3. Metodologia estadistica - Libro II : Estadistica Analitica.
590 ## - LOCAL NOTE (RLIN)
Local note niveau_biblio:m niveau_hierar:0
700 1# - ADDED ENTRY--PERSONAL NAME
Personal name Ayuso Orejana, J.
700 1# - ADDED ENTRY--PERSONAL NAME
Personal name Orts Aracil, José Maria
942 ## - ADDED ENTRY ELEMENTS (KOHA)
Koha item type
Existencias
Withdrawn status Lost status Damaged status Not for loan Home library Current library Shelving location Date acquired Total checkouts Full call number Barcode Date last seen Price effective from Koha item type
        Biblioteca Prof. Eusebio Cleto del Rey Biblioteca Prof. Eusebio Cleto del Rey   07/04/2026   519.2 G216 L20592 07/04/2026 07/04/2026 Libro